000 00295nam a22001337a 4500
020 _qPB.
040 _cFIZZA ISHAQ
082 _a005.133
_bIVO
100 _aHORTON,IVOR.
_976370
245 _aANSI C++ /
_cIVOR HORTON.
260 _aNEW YORK ;
_c2004.
300 _a1091 p. ;
942 _2ddc
_cBK
999 _c589203
_d589203